Význam kozmických metód pre súčasnú geodéziu : Odborná konferencia s medzinárodnou účasťou./Bratislava,2.12.2003

Saved in:
Bibliographic Details
Other Authors: Gerhátová, Ľubomíra, 1972- (Editor), Hefty, Ján, 1950- (Editor), Mojzeš, Marcel, 1947- (Editor)
Format: Book
Language:Slovak
Czech
English
Published: Bratislava : STU v Bratislave SvF, 2003
Tags: Add Tag
No Tags, Be the first to tag this record!

MARC

LEADER 00000nam a22000003a 4500
001 stu84440
005 20221207095746.1
008 040301s2003----xo------------------slo-d
020 |a 80-227-1985-4 
040 |a STU  |b slo 
041 0 |a slo  |a cze  |a eng 
044 |a xo 
080 |a 528.28 
080 |a 061.3(437.6) 
100 1 |a Gerhátová, Ľubomíra,  |d 1972-  |4 edt  |u V130  |9 50  |U SvF Stavebná fakulta  |T SvF Katedra geodetických základov  |X 941  |U V130  |Y 13  |7 A000000941 
245 1 |a Význam kozmických metód pre súčasnú geodéziu :  |b Odborná konferencia s medzinárodnou účasťou./Bratislava,2.12.2003 
260 |a Bratislava :  |b STU v Bratislave SvF,  |c 2003 
300 |a 162 s.;obr.,tab.,schémy 
700 1 |a Hefty, Ján,  |d 1950-  |4 edt  |u V130  |9 40  |U SvF Stavebná fakulta  |T SvF Katedra geodetických základov  |X 891  |U V130  |Y 13  |7 A000000891 
700 1 |a Mojzeš, Marcel,  |d 1947-  |4 edt  |u V130  |9 10  |U SvF Stavebná fakulta  |T SvF Katedra geodetických základov  |X 768  |U V130  |Y 13  |7 A000000768 
996 |b 284V012760  |c V*1617/sc-04  |l VVT  |s A  |a 24  |w stu84440_0001